00520nam a2200157 450000500170000001000150001702000260003203500140005803700130007208200110008510000200009624500750011626000380019127001050022930000280033420190316162740.0 aENG-124894 a9789380200675c499.00 aEN-108426 bDBAD/PUB a332.46 aChauhan, Manish a How to be your own Financial Planner In 10 Step/ cBy Manish Chauhan  a MumbaibTV 18 Broadcast c[201?] a414, 1st floor Empire Mills EmpireSenapati Bapat Marg, Lower parel (w) b Mumbaie400013k9930351413 a161p.c21.5cm(Hb)bill.